00849nam a2200133Ia 4500008004100000020001500041050002100056245010300077250001800180260003100198300001800229505042600247650004200673120626s1991 mx 000 0 spa d a9684342055 aPN3354 bA6 1991 aAnálisis estructural del relato c/ Barthes Roland y otros; traducción de Beatríz, Dorriots a8a. edición aMéxicob: Premiac, 1991 a223 páginas aIntroducción al análisis estructural del relato Elementos para una teoría de la interpretación del relato mítico James Bond: una combinación narrativa La lógica de los posibles narrativos Un relato de prensa: Los últimos días de "un gran hombre" La gran sintagmática del film narrativo Las categorías del relato literario Fronteras del relato Dossier "Structural model in folklore"  0aPROSA LITERARIAxHISTORIA Y CRÍTICA